[Event "Belgrade-chT"]
[Site "Belgrade"]
[Date "2007.??.??"]
[Round "1"]
[White "Sarenac, Ivan"]
[Black "Duvnjak, Stevan"]
[Result "1/2-1/2"]
[WhiteElo "2220"]
[BlackElo "2235"]
[PlyCount "83"]
[EventDate "2007.10.??"]
[EventType "team-tourn"]
[EventRounds "9"]
[EventCountry "YUG"]
[SourceTitle "EXT 2010"]
[Source "ChessBase"]
[SourceDate "2010.11.25"]
[SourceVersion "1"]
[SourceVersionDate "2010.11.25"]
[SourceQuality "1"]

1. e4 e5 2. Nf3 Nf6 3. Nxe5 d6 4. Nf3 Nxe4 5. Nc3 Nxc3 6. dxc3 Be7 7. Bf4 Nc6 8. Qd2 Be6 9. 0-0-0 Qd7 10. Kb1 a6 11. Ng5 Bxg5 12. Bxg5 f6 13. Be3 0-0-0 14. Be2 Rhe8 15. Rhe1 Qf7 16. b3 Bf5 17. g4 Bd7 18. h3 Re7 19. Bf3 Rde8 20. Bd5 Qg6 21. f3 h5 22. c4 hxg4 23. hxg4 f5 24. g5 Nd8 25. f4 Bc6 26. Bd4 Bxd5 27. cxd5 Qf7 28. Bc3 Rxe1 29. Rxe1 Rxe1+ 30. Qxe1 c6 31. dxc6 Nxc6 32. Kb2 g6 33. Bf6 Kd7 34. Qh1 Qg8 35. a4 a5 36. c3 Kc7 37. Qe1 Qf7 38. Qe2 Qd5 39. c4 Qf7 40. Qe3 Qh7 41. Ka3 Qh1 42. Bc3 1/2-1/2

[Event "Belgrade-chT"]
[Site "Belgrade"]
[Date "2007.??.??"]
[Round "6"]
[White "Stamatovic, Aleksandar"]
[Black "Duvnjak, Stevan"]
[Result "0-1"]
[WhiteElo "2205"]
[BlackElo "2235"]
[PlyCount "78"]
[EventDate "2007.10.??"]
[EventType "team-tourn"]
[EventRounds "9"]
[EventCountry "YUG"]
[SourceTitle "EXT 2010"]
[Source "ChessBase"]
[SourceDate "2010.11.25"]
[SourceVersion "1"]
[SourceVersionDate "2010.11.25"]
[SourceQuality "1"]

1. e4 e5 2. Nf3 Nf6 3. Bc4 Nc6 4. 0-0 Nxe4 5. Nc3 Nxc3 6. dxc3 f6 7. Nh4 g6 8. f4 Qe7 9. Kh1 d6 10. f5 Qg7 11. Qf3 Be7 12. b4 Bd7 13. b5 Na5 14. Bd3 g5 15. Qg3 d5 16. Be2 Bd6 17. Bh5+ Kf8 18. Nf3 e4 19. Ne5 Bxe5 20. Ba3+ Kg8 21. Qe3 Nc4 22. Qc5 c6 23. bxc6 Bxc6 24. Bc1 Qh6 25. g4 Qf8 26. Qf2 e3 27. Qe2 Qd6 28. Rf3 b5 29. a4 a6 30. axb5 axb5 31. Rxa8+ Bxa8 32. Be8 Qb8 33. Bd7 d4 34. cxd4 Bxd4 35. c3 Qb7 36. Be6+ Kg7 37. Kg2 Qxf3+ 38. Qxf3 Bxf3+ 39. Kxf3 Bxc3 0-1